00583nam a2200181Ia 4500008004100000020001000041040001900051041001200070082002900082245007400111250001600185260004300201300003900244650001900283651004900302700002800351850002200379131103s9999 xx 000 0 und d cRs.25 aLoreto College aEnglish a630.954/BAGbLCLIB/36012 aProblems of agricultural growth in IndiacEdited by Kanangopal Bagchi a5th edition aKolkatabDepartment of geographyc1978 av, 168 p.b ill., figuresc 11 cm. aAgriculture -  aAgriculture and related tecnology - India -  aBagchi, Kanangopal, ed. aLCLIB/630.954/BAG